<?xml version='1.0' encoding='UTF-8'?>
  <record xmlns="http://www.loc.gov/MARC21/slim">
    <leader>00000cam a22000007i 4500</leader>
    <controlfield tag="001">ocm69249854</controlfield>
    <controlfield tag="003">OCoLC</controlfield>
    <controlfield tag="005">20250927003251.8</controlfield>
    <controlfield tag="008">940527s1614    gw            000 0 lat d</controlfield>
    <datafield tag="040" ind1=" " ind2=" ">
      <subfield code="a">NLGGC</subfield>
      <subfield code="b">dut</subfield>
      <subfield code="e">fobidrtb</subfield>
      <subfield code="c">NLGGC</subfield>
      <subfield code="d">OCLCO</subfield>
      <subfield code="d">OCLCA</subfield>
      <subfield code="d">OCLCL</subfield>
      <subfield code="d">OCLCQ</subfield>
    </datafield>
    <datafield tag="029" ind1="0" ind2=" ">
      <subfield code="a">NLGGC</subfield>
      <subfield code="b">119434288</subfield>
    </datafield>
    <datafield tag="035" ind1=" " ind2=" ">
      <subfield code="a">(OCoLC)69249854</subfield>
    </datafield>
    <datafield tag="100" ind1="0" ind2=" ">
      <subfield code="a">Eberhardus,</subfield>
      <subfield code="c">Bethuniensis,</subfield>
      <subfield code="d">-ca. 1212.</subfield>
      <subfield code="1">https://id.oclc.org/worldcat/entity/E39PCjKMq7rkhQQyydjfhQmgqP</subfield>
    </datafield>
    <datafield tag="245" ind1="1" ind2="0">
      <subfield code="a">Trias scriptorum adversus Waldensium sectam, Ebrardus Bethunienis, Bernardus abbas Fontis Calidi, Ermengardus /</subfield>
      <subfield code="c">quam Jacobus Gretserus ... nunc primum edidit &amp; prologomenis notisque illustravit.</subfield>
    </datafield>
    <datafield tag="260" ind1=" " ind2=" ">
      <subfield code="a">Ingolstadii :</subfield>
      <subfield code="b">ex typographeo Ederiano, apud Elisabetham Angermariam, sumptibus Ioannis Hertsroy,</subfield>
      <subfield code="c">1614.</subfield>
    </datafield>
    <datafield tag="300" ind1=" " ind2=" ">
      <subfield code="a">224, 152, [12] p. ;</subfield>
      <subfield code="c">20 cm.</subfield>
    </datafield>
    <datafield tag="336" ind1=" " ind2=" ">
      <subfield code="a">tekst</subfield>
      <subfield code="b">txt</subfield>
      <subfield code="2">rdacontent/dut</subfield>
    </datafield>
    <datafield tag="337" ind1=" " ind2=" ">
      <subfield code="a">zonder medium</subfield>
      <subfield code="b">n</subfield>
      <subfield code="2">rdamedia/dut</subfield>
    </datafield>
    <datafield tag="338" ind1=" " ind2=" ">
      <subfield code="a">band</subfield>
      <subfield code="b">nc</subfield>
      <subfield code="2">rdacarrier/dut</subfield>
    </datafield>
    <datafield tag="700" ind1="1" ind2=" ">
      <subfield code="a">Bernard de Fontcaude.</subfield>
    </datafield>
    <datafield tag="700" ind1="1" ind2=" ">
      <subfield code="a">Ermengaud de Saint Gilles.</subfield>
    </datafield>
    <datafield tag="700" ind1="1" ind2=" ">
      <subfield code="a">Gretser, Jacob,</subfield>
      <subfield code="d">1562-1625.</subfield>
      <subfield code="1">https://id.oclc.org/worldcat/entity/E39PBJqk473XgQRMCmCyThXrv3</subfield>
    </datafield>
    <datafield tag="710" ind1="0" ind2=" ">
      <subfield code="a">Eder, Wolfgang (wed., Ingolstadt)</subfield>
      <subfield code="4">prt</subfield>
      <subfield code="0">(NL-LeOCL)077169336</subfield>
    </datafield>
    <datafield tag="710" ind1="0" ind2=" ">
      <subfield code="a">Hertsroy, Johannes (Ingolstadt)</subfield>
      <subfield code="4">prt</subfield>
      <subfield code="0">(NL-LeOCL)077175387</subfield>
    </datafield>
    <datafield tag="758" ind1=" " ind2=" ">
      <subfield code="a">Trias Scriptorum Adversus Waldensium Sectam, Ebrardus Bethuniensis, Bernardus Abbas, Fontis Calidi, Ermengardus (Text)</subfield>
      <subfield code="1">https://id.oclc.org/worldcat/entity/E39PCFQdFVV7RQJPq6k9f8CjP3</subfield>
      <subfield code="4">https://id.oclc.org/worldcat/ontology/hasWork</subfield>
    </datafield>
    <datafield tag="936" ind1=" " ind2=" ">
      <subfield code="a">BATCHLOAD</subfield>
    </datafield>
  </record>